Score 0/12 Timer 01:30
3 Plays Today
Hint Answer % Correct
Brazil
99.7%
Asia
99.6%
Angola, Namibia, DRC, Zambia, Zimbabwe, Malawi, Tanzania, Mozambique, South Africa, Botswana, eSwatini, Lesotho
90%
Libya, Egypt, Niger, Chad, Sudan, Eritrea, Ethiopia
89.4%
Madagascar, Comoros, Mauritius
89.3%
Senegal, Mali, Burkina Faso, Niger, Chad, Guinea, Sierra Leone, Liberia, Côte d'Ivoire, Ghana, Togo, Benin, Nigeria, Cameroon, CAR, Sao Tome, Eq. Guinea, Gabon, Congo, DRC, Angola
89.2%
Morocco, Algeria, Tunisia, Libya, Mauritania, Mali, Niger, Chad, Senegal, Burkina Faso, Nigeria
88.5%
Chad, Sudan, South Sudan, Ethiopia, Eritrea, Djibouti, Cameroon, CAR, Congo, DRC, Angola, Uganda, Burundi, Rwanda, Kenya, Somalia, Tanzania, Malawi, Zambia, Mozambique
87.7%
Somalia, Ethiopia, Djibouti, Eritrea, Seychelles, Comoros
86.1%
Cabo Verde, Morocco, Mauritania, Senegal, The Gambia
81.4%
Senegal, The Gambia, Guinea, Guinea-Bissau, Sierra Leone
67.2%
Angola, Namibia
57.4%
Remove Ads.
Support Sporcle.
Get the best of Sporcle when you Go Orange. This ad-free experience offers more features, more stats, and more fun while also helping to support Sporcle. Thank you for becoming a member.

You're not logged in!

Compare scores with friends on all Sporcle quizzes.
OR
Log In

Sporcle TV

Today on Sporcle TV


Watch our educational content, quiz creation guides, and fun videos on Sporcle TV.

Show Comments

Extras

Top Quizzes Today


Score Distribution

Paid Content

Your Account Isn't Verified!

In order to create a playlist on Sporcle, you need to verify the email address you used during registration. Go to your Sporcle Settings to finish the process.

Report this User

Report this user for behavior that violates our Community Guidelines.

Details: